000 00481nam a2200157 a 4500
005 20140412111329.0
008 030110s19uu xx 00 eng d
020 _a0-88309-894-6
050 _aTR(GS 372.634
_bHa233 1991
245 _aHandwriting, grade K :
_ba way to self-expression.
250 _aTeacher Edition
260 _aColumbus, Ohio :
_bZaner-Blosser,
_c1991.
500 _aTeacher Edition Spring, Book K
650 _aPenmanship
_xStudy and teaching
999 _c104854
_d104854